A.Tsekhov và Nam Cao - Nhìn từ góc độ thi pháp /

Đã lưu trong:
書目詳細資料
主要作者: Đào Tuấn Ảnh.
格式: Bài viết
語言:Vietnamese
主題:
標簽: 添加標簽
沒有標簽, 成為第一個標記此記錄!
Thư viện lưu trữ: Thư viện Trường Đại học Đà Lạt
LEADER 00867nam a2200325 4500
001 DLU060056462
040 # # |a DLU  |b vie 
041 # # |a vie 
044 # # |a vn 
100 # # |a Đào Tuấn Ảnh. 
245 # # |a A.Tsekhov và Nam Cao - Nhìn từ góc độ thi pháp /  |c Đào Tuấn Ảnh. 
653 # # |a Cốt truyện 
653 # # |a Kết cấu 
653 # # |a Nam Cao 
653 # # |a Sêkhốp,A.P 
653 # # |a Thi pháp 
653 # # |a Truyện ngắn 
653 # # |a Tsekhov,A.P 
773 # # |t Nghiên cứu văn học  |g Số 4, 2005, tr. 39-56 
920 # # |a Phòng Tạp chí -- Trung tâm Thông tin - Thư viện Trường Đại học Đà Lạt 
933 # # |a VH 
994 # # |a DLU 
900 # # |a True 
911 # # |a Nguyễn Thị Minh Cầm 
925 # # |a G 
926 # # |a A 
927 # # |a BB 
980 # # |a Thư viện Trường Đại học Đà Lạt